000
00278nam a22001337a 4500
003
SGT
082
_a
612.3
_b
F16B
100
_a
BANSAL , SHRINANDA
245
_a
FOOD AND NUTRITION
260
_a
DELHI
_b
AITB PUB
_c
2016
300
_a
382
650
_a
NUTRITION
942
_2
ddc
_c
BK
_0
8
999
_c
8698
_d
8698